| 000 | 00969nam a22002057a 4500 | ||
|---|---|---|---|
| 003 | AUA.1 | ||
| 005 | 20130606164501.0 | ||
| 008 | 130606t xxu||||| |||| 00| 0 eng d | ||
| 040 | _cAUA | ||
| 050 |
_aBP1 _b.P47 |
||
| 222 | _aPersia Newsletter | ||
| 245 |
_aThe International Symposium on Quran and Contemporary issues _bAbstracts |
||
| 260 | _c4th-5th Jun 2011 | ||
| 300 |
_a23p.; _bill.; |
||
| 440 |
_aThe International Symposium on Quran and Contemporary issues _vVol 1, Issue 12 _937297 |
||
| 500 | _aContents: Quran and contemporary science; Quran and legal challenges; Quran and economic Justice; Quran and environmental issues; Quran and interfaith issues; Quran and general education; Quran and leadership; Quran and education; | ||
| 700 |
_aK. Mohammed _eEditor _937298 |
||
| 942 |
_2lcc _cPER _hBP1 _i.P47 2011 |
||
| 999 |
_c10384 _d10384 |
||